Guia per a la creació d'una associació comercial /

Publicado: Barcelona : Diputació de Barcelona , 2024
Descripción Física: 41 pàgines : il·lustracions, gràfics ; 30 cm
Idioma: Catalán

MARC

LEADER 00000nam a2200000 i 4500
001 28797
003 AGDB
005 20260324181529.0
008 250214e202404 spcad|| ||||o0|0 0 cat|
015 |a LL2025  |2 bnc 
017 |a B 18108-2024  |b Biblioteca de Catalunya 
040 |a ES-BaBC  |b cat  |e rda  |c ES-BaBC 
080 |a 061.238  |2 2004 
245 0 0 |a Guia per a la creació d'una associació comercial /   |c Coordinació tècnica: Gerència de Serveis de Comerç; Àrea de Comerç, Consum i Salut Pública ; Consultoria tècnica: Sigma Serveis Professionals per a Associacions, SL 
264 1 |a Barcelona :   |b Diputació de Barcelona ;   |c abril de 2024 
300 |a 41 pàgines :  |b il·lustracions, gràfics ;  |c 30 cm 
336 |a text  |b txt  |2 rdacontent 
337 |a sense mediació  |b n  |2 rdamedia 
338 |a volum  |b nc  |2 rdacarrier 
530 |a També disponible en línia 
650 7 |a Associacions de comerciants  |2 lemac  |9 71978 
650 0 |a Associacions de comerciants  |v Manuals, guies, etc.  |9 71979 
655 0 |a Fulletons  |9 55858 
710 1 |a Barcelona (Catalunya : Província).  |b Gerència de Serveis de Comerç  |9 54400  |e coord. tècnica 
710 |a Barcelona (Catalunya : Província).  |b Àrea de Comerç, Consum i Salut Pública  |9 71966  |e coord. tècnica 
856 4 1 |u https://www.diba.cat/documents/d/comerc/guia-creacio-associacio-comercial-pdf  |y Accés lliure (Portal de la Gerència de Serveis de Comerç) 
908 |a BC 
940 |a BC 
942 |2 udc  |c ARXIU  |n 1 
952 |0 0  |1 0  |4 0  |6 FU7826  |7 1  |9 97967  |a Arxiu  |b Arxiu  |d 2025-04-16  |l 0  |o FU-78-26  |p 28797  |r 2025-04-16 00:00:00  |w 2025-04-16  |y ARXIU 
999 |c 129756  |d 129756